01419nam a2200277 a 4500001000800000003001100008005001700019008004100036020001500077040001300092041000800105044000700113050002400120100004700144245014600191260008100337300004200418500002700460500032300487500011800810504003100928600006700959600006001026650003301086700002201119BRCA_92FranzMayer20230918131349.0010906s2000 mx-a---##b---#000-0#spa-# a9687507586 aDLCcDLC aspa amx 4aND813.B6b.R63 20001 aRodríguez-Miaja, Fernando Edmundod1952-10aDiego de Borgrafbun destello en la noche de los tiempos : obra pictóricacFernando E. Rodríguez-Miaja ; presentación Elisa Vargaslugo. aPueblabPatronato Editorial para la Cultura, Arte e Historia de Pueblac2000 a733 p.bil. (algunas a color)c32 cm. aUn ejemplar en Anexo 1 aApéndices: Cronología general del ´Corpus´ de obras de Diego de Borgraf. Ecos de Flandes en la Nueva España. Consideraciones sobre el comercio de arte flamenco. Nómina de pintores flamencos. Sintesis biográfica de algunos artistas flamencos del siglo XVII. Cronología de eventos relevantes del siglo XVII aCatálogo de la exposición realizada en el Museo Franz Mayer (Ciudad de México), 18 enero - 25 febrero, 2001 aBibliografía: p. 693-73314aBorgraf, Diego dedca. 1618-1686xCrítica e interpretación14aBorgraf, Diego dedca. 1618-1686vCatálogos razonados14aPintura flamencaySiglo XVII1 aVargaslugo, Elisa